Οικολογία και κοινωνία
Αποθηκεύτηκε σε:
| Κύριος συγγραφέας: | |
|---|---|
| Μορφή: | Βιβλίο |
| Γλώσσα: | Greek |
| Δημοσίευση: |
1990.
|
| Θέματα: | |
| Ετικέτες: |
Προσθήκη ετικέτας
Δεν υπάρχουν, Καταχωρήστε ετικέτα πρώτοι!
|
MARC
| LEADER | 00000cam a2200000 i 4500 | ||
|---|---|---|---|
| 001 | 1/44530 | ||
| 008 | 960227s1990 gr | ||| |||| ||gre|| | ||
| 035 | |l 10025985 | ||
| 040 | |a GR-MY-UA |b gre |e aacr | ||
| 041 | 0 | |a gre | |
| 082 | 7 | |a 304.2 |2 (22) | |
| 100 | 1 | |a Μαγαζιώτης, Νίκος. | |
| 245 | 1 | 0 | |a Οικολογία και κοινωνία / |c Νίκος Μαγαζιώτης. |
| 260 | |c 1990. | ||
| 300 | |a 14 σ. ; |c 30 εκ. | ||
| 500 | |a Εργασία στα πλαίσια του μαθήματος "Κοινωνιολογία Α'". | ||
| 650 | 0 | 0 | |a Ecology |x Social aspects. |
| 650 | 0 | 0 | |a Nature |x Effect of human beings on. |
| 852 | |a INST |b CHIOS |c PERG |e 19960227 |h 304.2 ΜΑΓ |p 005200000983 |q 005200000983 |t PERG |y 23 | ||
| 901 | |a BIBL2-2000-1 | ||
| 909 | |a Χ |b 042603 | ||
| 924 | |a ΜΑΓΑΖΙΩΤΗΣ |b ΝΙΚΟΣ |y Χίος |z 1996-02 | ||
| 970 | |a ΠΟΥΛΑΚΗ |b ΣΤΕΛΛΑ |z 2000/03/03 | ||